000 00235nam a2200097Ia 4500
008 190216s9999||||xx |||||||||||||| ||und||
100 _aKesavan Nair & Secria
245 0 _aGrama Vikasanam
260 _bKerala Basha Inst
942 _cBK
999 _c37837
_d37837